000
00339nam a22001577a 4500
003
SGT
020
_a
9788177395808
082
_a
612.015
_b
M21G
100
_a
GUPTA, S.K.
245
_a
TB. OF MEDICAL BIOCHEMISTRY
250
_a
2ND
260
_a
INDIA
_b
AVICHAL
_c
2021
300
_a
784
650
_a
BIOCHEMISTRY
942
_2
ddc
_c
BK
_0
254
999
_c
20967
_d
20967